000 00655nam a2200229 i 4500
001 C2-0343803
003 PPAK
005 20180728144842.0
008 171126s2017 mau |||| ||||| | eng d
020 _a9781507201138
040 _aPPAK
_beng
_cPPAK
_erda
082 0 4 _a306.8743
_223
090 0 0 _a306.8743
_bMOT
_dG
245 0 2 _aA mother's love
264 1 _aAvon, Massachusetts :
_bAdams Media ,
_c2017
300 _a255 pages ;
_c15 cm
336 _2rdacontent
_atext
337 _2rdamedia
_aunmediated
338 _2rdacarrier
_avolume
650 1 0 _aMothers - Quotations, maxims, etc. ; Motherhood - Quotations, maxims, etc.
942 _ddc
_cB
999 _c140575
_d140575